[Event "GER-chT U12"]
[White "Quinque, Pepe"]
[Black "Kalina, Lena"]
[Site "Magdeburg"]
[Round "6.1"]
[Result "0-1"]
[Date "2017.12.29"]
[WhiteElo "992"]
[BlackElo "1564"]
[PlyCount "116"]
[EventDate "2017.12.26"]
[EventType "team-swiss"]
[EventRounds "7"]
[EventCountry "GER"]
[SourceTitle "CBM 182 Extra"]
[Source "ChessBase"]
[SourceDate "2018.02.23"]
[SourceVersion "1"]
[SourceVersionDate "2018.02.23"]
[SourceQuality "1"]
[WhiteTeam "Graefenhainichen"]
[BlackTeam "Landskrone"]
[WhiteTeamCountry "GER"]
[BlackTeamCountry "GER"]

1. e4 c5 2. Nf3 Nc6 3. d4 cxd4 4. Nxd4 g6 5. Nxc6 bxc6 6. Nc3 Bg7 7. Bd3 Nf6 8. 0-0 0-0 9. Re1 d5 10. Bg5 Be6 11. Qd2 Rb8 12. Rab1 dxe4 13. Nxe4 Nxe4 14. Bxe4 Qxd2 15. Bxd2 Rxb2 16. Rxb2 Bxb2 17. c3 Bxa2 18. h3 Rd8 19. Bh6 Bxc3 20. Re3 Be5 21. Re1 c5 22. g3 Bg7 23. Bg5 f6 24. Bc1 a5 25. Bc2 e5 26. Re3 Bh6 27. Ra3 Bxc1 28. Rxa2 Bd2 29. Bb3+ Kg7 30. Rc2 Bb4 31. Re2 Rd3 32. Bc2 Rd2 33. Rxd2 Bxd2 34. Kg2 c4 35. Kf3 Bb4 36. Ba4 c3 37. Ke2 f5 38. f4 e4 39. h4 h6 40. Ke3 Kf6 41. Kd4 g5 42. h5 gxf4 43. gxf4 Ke6 44. Bc2 Kd6 45. Ba4 Kc7 46. Ke3 Kb6 47. Kd4 Ka6 48. Ke3 Kb7 49. Kd4 Kb6 50. Kc4 c2 51. Bxc2 Bd2 52. Kd4 Bxf4 53. Bd1 e3 54. Kd3 Kb5 55. Kc3 a4 56. Kb2 Kb4 57. Ka2 a3 58. Ka1 Kc3 0-1

[Event "GER-chT U12"]
[White "Pikalow, Michael"]
[Black "Quinque, Pepe"]
[Site "Magdeburg"]
[Round "3.1"]
[Result "0-1"]
[Date "2017.12.28"]
[WhiteElo "1539"]
[BlackElo "992"]
[PlyCount "40"]
[EventDate "2017.12.26"]
[EventType "team-swiss"]
[EventRounds "7"]
[EventCountry "GER"]
[SourceTitle "CBM 182 Extra"]
[Source "ChessBase"]
[SourceDate "2018.02.23"]
[SourceVersion "1"]
[SourceVersionDate "2018.02.23"]
[SourceQuality "1"]
[WhiteTeam "Magdeburg USC"]
[BlackTeam "Graefenhainichen"]
[WhiteTeamCountry "GER"]
[BlackTeamCountry "GER"]

1. e4 c5 2. Nf3 a6 3. c3 Nf6 4. e5 Nd5 5. Bc4 e6 6. Bxd5 exd5 7. d4 c4 8. 0-0 Be7 9. Ne1 d6 10. f4 dxe5 11. fxe5 0-0 12. Nd2 f6 13. exf6 Bxf6 14. Qh5 Qe7 15. Qxd5+ Be6 16. Qe4 Nd7 17. Qxb7 Rae8 18. Nef3 Bg4 19. Re1 Qxe1+ 20. Nxe1 Bxd4+ 0-1

[Event "GER-chT U12"]
[White "Quinque, Pepe"]
[Black "Beer, Ludwig"]
[Site "Magdeburg"]
[Round "3.3"]
[Result "0-1"]
[Date "2016.12.28"]
[WhiteElo "872"]
[BlackElo "1235"]
[PlyCount "74"]
[EventDate "2016.12.27"]
[EventType "team-swiss"]
[EventRounds "7"]
[EventCountry "GER"]
[SourceTitle "EXT 2018"]
[Source "ChessBase"]
[SourceDate "2017.10.13"]
[SourceVersion "1"]
[SourceVersionDate "2017.10.13"]
[SourceQuality "1"]
[WhiteTeam "Graefenhainichen"]
[BlackTeam "Berlin Empor"]
[WhiteTeamCountry "GER"]
[BlackTeamCountry "GER"]

1. e4 c5 2. Nf3 d6 3. Bc4 Nf6 4. Nc3 g6 5. Ng5 e6 6. 0-0 Bg7 7. d3 0-0 8. Bf4 e5 9. Bg3 Nc6 10. Nd5 Nxd5 11. exd5 Nd4 12. Bh4 h6 13. Ne6 Qxh4 14. Nxf8 Kxf8 15. c3 Nf5 16. a3 Qg5 17. Kh1 h5 18. Rg1 Nh6 19. f3 Bd7 20. h3 Nf5 21. Qe1 h4 22. g4 hxg3 23. Rg2 Qh4 24. Kg1 Bh6 25. b3 b5 26. Rb1 Ne3 27. Re2 Qxh3 28. Rbb2 g2 29. Rxg2 Nxg2 30. Rxg2 Qxf3 31. Rg3 Qf5 32. d4 bxc4 33. bxc4 Rb8 34. Rg2 Rb1 35. Qxb1 Qxb1+ 36. Kf2 Qc2+ 37. Kf3 Qxc3+ 0-1